Les clubs de football français en demi-finales de Coupe d'Europe - Statistiques

Statistiques générales
  • Ce quiz a été pris 1 694 fois
  • Le résultat moyen est 10 sur 12
Statistiques - réponses
Classement Club Demi-finales C1 Demi-finales C3 Total % Correct
1er Olympique de Marseille 1990,1991,1993 1999,2004,2018 6
100%
6e Paris Saint-Germain 1995 1993 2
99%
7e Olympique lyonnais 2010 2017 2
98%
2e AS Monaco 1994,1998,2004,2017 1997 5
95%
4e AS Saint-Etienne 1975,1976 2
92%
5e FC Girondins de Bordeaux 1985 1996 2
88%
3e Stade de Reims 1956,1959 2
86%
8e FC Nantes 1996 1
81%
12e RC Lens 2000 1
73%
11e AJ Auxerre 1993 1
62%
9e SC Bastia 1978 1
39%
10e FC Sochaux-Montbéliard 1981 1
38%
Aucun quiz correspondant
Distribution des résultats
% des personnes avec chaque résultat
Percentile par nombre de réponses
Votre historique - résultats
Vous n’avez pas pris ce quiz